000
00271nam a2200109Ia 4500
008
220204s9999 xx 000 0 und d
082
_a
338.43.01(540)
_b
DHA
100
_a
DHARMNARAIN
245
0
_a
Studies on Indian agriculture
260
_a
Delhi
_b
OUP
_c
1988
942
_c
BK
999
_c
39954
_d
39954